[Event "NAYCC U08"]
[Site "Toronto CAN"]
[Date "2013.08.16"]
[Round "4"]
[White "Kang, Dorian"]
[Black "Gan, David"]
[Result "0-1"]
[WhiteElo "1008"]
[BlackElo "731"]
[PlyCount "90"]
[GameId "2160767909250308"]
[EventDate "2013.08.14"]
[EventType "swiss"]
[EventRounds "9"]
[EventCountry "CAN"]
[SourceTitle "hb 2013"]

1. e4 e6 2. d4 d5 3. Nc3 Bb4 4. exd5 exd5 5. Bd3 h6 6. Bd2 Nf6 7. Qe2+ Be6 8. O-O-O Qd7 9. Nf3 Nc6 10. Ne5 Nxe5 11. dxe5 Bxc3 12. Bxc3 Nh7 13. f4 Bg4 14. Qe3 Bxd1 15. Rxd1 O-O-O 16. Be2 Kb8 17. h3 f5 18. exf6 Nxf6 19. Qg3 Rhg8 20. Bf3 c6 21. Be5+ Ka8 22. Qh4 Qf7 23. g4 Nd7 24. Bd6 Qe6 25. Ba3 Qe3+ 26. Kb1 Qxf3 27. Re1 Qxf4 28. Be7 g5 29. Qxh6 Rde8 30. Qe6 Nc5 31. Qh6 Rxe7 32. Rc1 a6 33. b3 Nd7 34. Rd1 Ne5 35. Qd6 Ng6 36. Qxf4 Nxf4 37. Kb2 Nxh3 38. Kc3 Ka7 39. Kb4 Re4+ 40. Kc5 Rxg4 41. a4 Rf4 42. Kd6 g4 43. Ke5 Rff8 44. Rh1 g3 45. Rxh3 g2 0-1

[Event "NAYCC U08"]
[Site "Toronto CAN"]
[Date "2013.08.16"]
[Round "4"]
[White "Kong, Brandon"]
[Black "Hua, Charles"]
[Result "0-1"]
[WhiteElo "832"]
[BlackElo "1440"]
[PlyCount "28"]
[GameId "2160767909250309"]
[EventDate "2013.08.14"]
[EventType "swiss"]
[EventRounds "9"]
[EventCountry "CAN"]
[SourceTitle "hb 2013"]

1. e4 e5 2. Nf3 Nf6 3. Nc3 Bb4 4. Bc4 O-O 5. O-O c6 6. d4 exd4 7. Qxd4 Qe7 8. Re1 Bc5 9. Qd3 b5 10. Bb3 b4 11. Na4 Ba6 12. Qd1 Ng4 13. Nd4 Qd6 14. Nxc5 Qxh2# 0-1

[Event "NAYCC U08"]
[Site "Toronto CAN"]
[Date "2013.08.16"]
[Round "4"]
[White "Kulic, Mateo"]
[Black "Polavaram, Rithik S"]
[Result "0-1"]
[WhiteElo "769"]
[BlackElo "1562"]
[PlyCount "70"]
[GameId "2160767909250310"]
[EventDate "2013.08.14"]
[EventType "swiss"]
[EventRounds "9"]
[EventCountry "CAN"]
[SourceTitle "EXT 2022"]
[Source "ChessBase"]
[SourceDate "2021.10.06"]
[SourceVersion "1"]
[SourceVersionDate "2021.10.06"]
[SourceQuality "1"]

1. e4 e5 2. Nf3 Nc6 3. Bc4 Bc5 4. b4 Bxb4 5. c3 Ba5 6. Qb3 Qe7 7. Ba3 d6 8. d3 Bb6 9. O-O Na5 10. Bb5+ c6 11. Bb4 Nxb3 12. axb3 cxb5 13. Nxe5 Qxe5 14. d4 Qe7 15. e5 Bc7 16. Nd2 Nh6 17. exd6 Bxd6 18. Rfe1 Be6 19. Bxd6 Qxd6 20. Ne4 Qe7 21. Nc5 O-O 22. Nxe6 fxe6 23. Rxe6 Qf7 24. Re2 Rae8 25. Rea2 Qe6 26. h3 Qxb3 27. Ra3 Qc2 28. R3a2 Qxc3 29. Ra3 Re1+ 30. Rxe1 Qxe1+ 31. Kh2 Rxf2 32. Rxa7 Qf1 33. Ra8+ Kf7 34. Rf8+ Kxf8 35. d5 Rxg2# 0-1

[Event "NAYCC U08"]
[Site "Toronto CAN"]
[Date "2013.08.16"]
[Round "4"]
[White "Liu, Owen"]
[Black "Walters, Joshua"]
[Result "1-0"]
[WhiteElo "571"]
[BlackElo "290"]
[PlyCount "35"]
[GameId "2160767909250311"]
[EventDate "2013.08.14"]
[EventType "swiss"]
[EventRounds "9"]
[EventCountry "CAN"]
[SourceTitle "hb 2013"]

1. e4 e5 2. Nf3 Qe7 3. Bc4 Qb4 4. c3 Qc5 5. Bb3 Be7 6. d4 Qb5 7. c4 Qc6 8. Nxe5 Qa6 9. c5 Qa5+ 10. Bd2 Qb6 11. cxb6 axb6 12. Bxf7+ Kf8 13. O-O Nf6 14. Qe1 Nh5 15. Bb4 Bxb4 16. Qxb4+ d6 17. Qb5 c6 18. Qxb6 1-0

[Event "NAYCC U08"]
[Site "Toronto CAN"]
[Date "2013.08.16"]
[Round "4"]
[White "Low, Kevin"]
[Black "Lalwani, Jay"]
[Result "1-0"]
[WhiteElo "1451"]
[BlackElo "1509"]
[PlyCount "149"]
[GameId "2160767909250312"]
[EventDate "2013.08.14"]
[EventType "swiss"]
[EventRounds "9"]
[EventCountry "CAN"]
[SourceTitle "hb 2013"]

1. e4 c5 2. Nf3 d6 3. d4 cxd4 4. Nxd4 Nf6 5. Nc3 a6 6. f3 e5 7. Nb3 Be6 8. Be3 Be7 9. Qd2 O-O 10. O-O-O Nc6 11. g4 b5 12. Kb1 b4 13. Ne2 a5 14. Ng3 a4 15. Nc1 d5 16. g5 d4 17. Bf2 Nd7 18. h4 Nc5 19. Bh3 Bc4 20. Nf5 b3 21. cxb3 axb3 22. a3 Qc7 23. h5 Qa7 24. Rdg1 Ne6 25. g6 fxg6 26. hxg6 h6 27. Nxh6+ gxh6 28. Qxh6 Bf6 29. Bxe6+ Bxe6 30. g7 Bxg7 31. Qh7+ Kf7 32. Rxg7+ Ke8 33. Rxa7 Rxa7 34. Qg6+ Kd7 35. Rh7+ Kd6 36. Rxa7 Nxa7 37. Qg7 Rf7 38. Qh8 Nc6 39. Qh5 Kd7 40. Nd3 Kd6 41. Bg3 Bc4 42. Nxe5 Nxe5 43. Qxe5+ Kd7 44. Qc7+ Ke8 45. Qxc4 Rxf3 46. Qe6+ Kd8 47. Bh4+ Kc7 48. Qc4+ Kd7 49. Qxd4+ Kc7 50. Qc3+ Rxc3 51. bxc3 Kd6 52. Kb2 Ke5 53. Kxb3 Kxe4 54. Kc4 Ke5 55. Kc5 Ke4 56. c4 Kd3 57. a4 Kc3 58. a5 Kb3 59. a6 Kc3 60. Bf6+ Kd3 61. a7 Ke4 62. a8=Q+ Kf5 63. Qf8 Ke4 64. Qe7+ Kf5 65. Kd5 Kf4 66. Qe5+ Kf3 67. Bh4 Kg4 68. Qg5+ Kf3 69. Ke5 Ke2 70. Qf4 Kd3 71. Qd4+ Ke2 72. Qc3 Kf1 73. Qb2 Kg1 74. Bg3 Kf1 75. Qf2# 1-0

[Event "NAYCC U08"]
[Site "Toronto CAN"]
[Date "2013.08.16"]
[Round "4"]
[White "Lu, Maximillian"]
[Black "Tang, Matthew"]
[Result "1-0"]
[WhiteElo "1655"]
[BlackElo "1031"]
[PlyCount "71"]
[GameId "2160767909250313"]
[EventDate "2013.08.14"]
[EventType "swiss"]
[EventRounds "9"]
[EventCountry "CAN"]
[SourceTitle "hb 2013"]

1. e4 e5 2. Nf3 Nc6 3. Bc4 Nf6 4. d3 Bc5 5. c3 d6 6. Bb3 Be6 7. Bc2 O-O 8. Bg5 h6 9. Bh4 Bg4 10. Nbd2 g5 11. Bg3 Re8 12. h3 Bd7 13. Qe2 Nh5 14. Bh2 Kh7 15. g4 Nf4 16. Bxf4 exf4 17. d4 Bb6 18. e5+ Kg7 19. O-O-O d5 20. Qd3 Rh8 21. Rdg1 Be6 22. h4 gxh4 23. Nxh4 Kf8 24. Nf5 Qg5 25. Nf3 Bxf5 26. Qxf5 Qxf5 27. gxf5 Ke7 28. f6+ Kd8 29. Rg4 Na5 30. Rxf4 c6 31. Rfh4 Kc7 32. Rxh6 Rxh6 33. Rxh6 Rf8 34. Rh7 Kd8 35. Ng5 Ke8 36. Bd1 1-0

[Event "NAYCC U08"]
[Site "Toronto CAN"]
[Date "2013.08.16"]
[Round "4"]
[White "Lu, Michael"]
[Black "Jeyakumar, Bhavatharshan"]
[Result "1-0"]
[WhiteElo "356"]
[BlackElo "558"]
[PlyCount "59"]
[GameId "2160767909250314"]
[EventDate "2013.08.14"]
[EventType "swiss"]
[EventRounds "9"]
[EventCountry "CAN"]
[SourceTitle "hb 2013"]

1. d4 d5 2. c4 dxc4 3. e4 Nc6 4. Nf3 e6 5. Bxc4 Nf6 6. Nc3 Bb4 7. e5 Ne4 8. Bd2 Nxd2 9. Qxd2 Bd7 10. O-O O-O 11. a3 Bxc3 12. Qxc3 a6 13. Rfe1 Rc8 14. Rad1 b5 15. Bd3 h6 16. Qc2 b4 17. axb4 Nxb4 18. Bh7+ Kh8 19. Qb1 Rb8 20. Re4 Bc6 21. d5 Bxd5 22. Red4 g6 23. Bxg6 fxg6 24. Qxg6 Nc6 25. Qxh6+ Kg8 26. Ng5 Rf7 27. Nxf7 Kxf7 28. Rf4+ Ke7 29. Qg7+ Ke8 30. Rf8# 1-0

[Event "NAYCC U08"]
[Site "Toronto CAN"]
[Date "2013.08.16"]
[Round "4"]
[White "Luo, Owen"]
[Black "Guo, Roger"]
[Result "0-1"]
[WhiteElo "992"]
[BlackElo "636"]
[PlyCount "98"]
[GameId "2160767909250315"]
[EventDate "2013.08.14"]
[EventType "swiss"]
[EventRounds "9"]
[EventCountry "CAN"]
[SourceTitle "hb 2013"]

1. e4 c5 2. Nf3 Nc6 3. d4 cxd4 4. Nxd4 Nf6 5. Nc3 d6 6. Bc4 e5 7. Nf3 Be7 8. Ng5 O-O 9. Bxf7+ Rxf7 10. Nxf7 Kxf7 11. O-O Nd4 12. Be3 Bg4 13. Qd3 Qb6 14. Bxd4 exd4 15. Na4 Qb4 16. b3 b5 17. Nb2 Bh5 18. a3 Qc3 19. Qxc3 dxc3 20. Nd3 Nxe4 21. Nf4 Bg6 22. Rae1 Nd2 23. Nxg6 hxg6 24. Re3 Nxf1 25. Kxf1 Bf6 26. Ke2 Rc8 27. g3 Bd4 28. Re4 Bc5 29. h4 Bxa3 30. f4 a5 31. g4 a4 32. bxa4 b4 33. Rc4 Rxc4 34. Kd3 Rc5 35. f5 gxf5 36. g5 Kg6 37. Ke3 Kh5 38. Kf4 g6 39. Kg3 Ra5 40. Kh3 Rxa4 41. Kh2 Ra5 42. Kh3 Rd5 43. Kh2 Rd2+ 44. Kh3 Rxc2 45. Kg3 Rd2 46. Kf4 c2 47. Kg3 c1=Q 48. Kf3 Qc3+ 49. Kf4 Rd4# 0-1

[Event "NAYCC U08"]
[Site "Toronto CAN"]
[Date "2013.08.16"]
[Round "4"]
[White "Makaveev, Martin"]
[Black "Mills, Torin"]
[Result "0-1"]
[WhiteElo "836"]
[BlackElo "626"]
[PlyCount "47"]
[GameId "2160767909250316"]
[EventDate "2013.08.14"]
[EventType "swiss"]
[EventRounds "9"]
[EventCountry "CAN"]
[SourceTitle "hb 2013"]

1. e4 Nc6 2. d3 e5 3. Nf3 Nf6 4. Nc3 Bc5 5. Be2 d6 6. O-O O-O 7. Bg5 Bg4 8. b4 Bxb4 9. Nb5 Qe7 10. h3 Bxf3 11. Bxf3 a6 12. Be3 axb5 13. Bg5 h6 14. Bxf6 Qxf6 15. a3 Bxa3 16. c4 bxc4 17. dxc4 Bb2 18. Rxa8 Rxa8 19. Qb1 Bd4 20. Qxb7 Ra1 21. Rxa1 Bxa1 22. Qxc6 Bd4 23. Qxc7 Qh4 24. g3 0-1

[Event "NAYCC U08"]
[Site "Toronto CAN"]
[Date "2013.08.16"]
[Round "4"]
[White "Medina, Benjamin R"]
[Black "Hung, Daniel1"]
[Result "1-0"]
[WhiteElo "1606"]
[BlackElo "1598"]
[PlyCount "111"]
[GameId "2160767909250317"]
[EventDate "2013.08.14"]
[EventType "swiss"]
[EventRounds "9"]
[EventCountry "CAN"]
[SourceTitle "EXT 2022"]
[Source "ChessBase"]
[SourceDate "2021.10.06"]
[SourceVersion "1"]
[SourceVersionDate "2021.10.06"]
[SourceQuality "1"]

1. e4 e6 2. d4 b6 3. Bd3 Bb7 4. Nf3 d5 5. e5 c5 6. c3 Nc6 7. Be3 c4 8. Bc2 b5 9. a3 a5 10. Qd2 Nge7 11. O-O Nc8 12. Qe2 Be7 13. h3 Nb6 14. Nh2 Qc7 15. f4 g6 16. Bf2 h5 17. Qe1 Kd7 18. Bh4 b4 19. Bxe7 Kxe7 20. Qh4+ Kd7 21. Qf6 Rhf8 22. Qg7 b3 23. Bxg6 Qd8 24. Bxh5 Na4 25. Rf2 Qh4 26. Ng4 Kc7 27. Nf6 Nxb2 28. Bxf7 Kb6 29. Nd7+ Ka6 30. Nxf8 Nd3 31. Rf3 b2 32. Ra2 Qe1+ 33. Rf1 Qe3+ 34. Kh2 Rxf8 35. Qxf8 Nxd4 36. cxd4 Qxd4 37. Qd6+ Ka7 38. Qc7 Nxf4 39. Rxb2 Qxb2 40. Rxf4 Qxb1 41. Bxe6 d4 42. Qxa5+ Ba6 43. Rf7+ Qb7 44. Rxb7+ Kxb7 45. Bc8+ Kxc8 46. Qxa6+ Kd7 47. Qxc4 Ke8 48. Qxd4 Ke7 49. Qd6+ Ke8 50. a4 Kf7 51. a5 Ke8 52. a6 Kf7 53. a7 Kg8 54. a8=Q+ Kf7 55. Qb7+ Kg8 56. Qdb8# 1-0

[Event "NAYCC U08"]
[Site "Toronto CAN"]
[Date "2013.08.16"]
[Round "4"]
[White "Noorali, Aahil"]
[Black "Chor, Kevin"]
[Result "1-0"]
[WhiteElo "1332"]
[BlackElo "1781"]
[PlyCount "77"]
[GameId "2160767909250319"]
[EventDate "2013.08.14"]
[EventType "swiss"]
[EventRounds "9"]
[EventCountry "CAN"]
[SourceTitle "hb 2013"]

1. e4 c5 2. Nf3 g6 3. c3 Bg7 4. d4 cxd4 5. cxd4 d5 6. exd5 Qxd5 7. Nc3 Qd8 8. Bc4 Nf6 9. O-O O-O 10. Bf4 Bg4 11. Qd3 Bxf3 12. Qxf3 Qxd4 13. Bb3 Nc6 14. Rad1 Qc5 15. Rc1 Qh5 16. Qxh5 Nxh5 17. Be3 Rac8 18. g4 Nf6 19. h3 Rfd8 20. Nb5 a6 21. Nc3 Ne5 22. f4 Nd3 23. Rc2 Nxb2 24. Rb1 Nd3 25. Ne2 Rxc2 26. Bxc2 b5 27. Rd1 Nd5 28. Rxd3 Rd6 29. Bc5 Re6 30. Rxd5 Rxe2 31. Rd8+ Bf8 32. Bb3 a5 33. Kf1 Re4 34. Kg2 a4 35. Bd5 Re1 36. Kf2 Rb1 37. Bxe7 Kg7 38. Bxf8+ Kf6 39. Rd6# 1-0

[Event "NAYCC U08"]
[Site "Toronto CAN"]
[Date "2013.08.16"]
[Round "4"]
[White "Pau, Ethan"]
[Black "Zhao, Jonathan"]
[Result "1-0"]
[WhiteElo "1535"]
[BlackElo "1196"]
[PlyCount "43"]
[GameId "2160767909250320"]
[EventDate "2013.08.14"]
[EventType "swiss"]
[EventRounds "9"]
[EventCountry "CAN"]
[SourceTitle "hb 2013"]

1. e4 d5 2. exd5 Qxd5 3. Nc3 Qa5 4. Nf3 Nf6 5. Bc4 Nc6 6. h3 Qh5 7. d3 e5 8. Be3 Bg4 9. Nd5 O-O-O 10. Nxf6 gxf6 11. Qe2 Nd4 12. Bxd4 exd4 13. O-O-O Bxf3 14. Qxf3 Qg5+ 15. Kb1 Qg6 16. Rde1 Bb4 17. Re2 Ba5 18. Re7 Rhf8 19. Ba6 Rd7 20. Qxb7+ Kd8 21. Re2 Re7 22. Qc8# 1-0

[Event "NAYCC U08"]
[Site "Toronto CAN"]
[Date "2013.08.16"]
[Round "4"]
[White "Radin, Andrew"]
[Black "Xu, Bernie"]
[Result "0-1"]
[WhiteElo "766"]
[BlackElo "1123"]
[PlyCount "146"]
[GameId "2160767909250321"]
[EventDate "2013.08.14"]
[EventType "swiss"]
[EventRounds "9"]
[EventCountry "CAN"]
[SourceTitle "hb 2013"]

1. e4 e6 2. d4 d5 3. Nc3 Bb4 4. e5 c5 5. a3 Bxc3+ 6. bxc3 Qb6 7. Bf4 cxd4 8. cxd4 Ne7 9. Nf3 O-O 10. Bd3 Nbc6 11. Be3 Bd7 12. O-O Nf5 13. c3 Nxe3 14. fxe3 Rac8 15. Rb1 Qc7 16. Qc2 Ne7 17. Rfc1 b6 18. Ng5 h6 19. Nf3 Nf5 20. e4 dxe4 21. Bxe4 Ne3 22. Qd2 Nc4 23. Qa2 f5 24. Bd3 b5 25. Bxc4 bxc4 26. Qd2 Rb8 27. d5 Qc5+ 28. Kh1 exd5 29. Ra1 Be6 30. Nd4 Rfe8 31. Rf1 Bd7 32. e6 Bxe6 33. Nxf5 Bxf5 34. Rxf5 Qxa3 35. Qxd5+ Kh7 36. Rd1 Qxc3 37. Rdf1 Re1 38. h3 Rxf1+ 39. Rxf1 a5 40. Qf5+ Kh8 41. Qf7 Rg8 42. Qf3 Qd3 43. Qxd3 cxd3 44. Rd1 Rd8 45. Kg1 a4 46. Kf2 a3 47. Ke1 d2+ 48. Ke2 a2 49. Ra1 Kg8 50. Kd1 Kf7 51. Rxa2 Kg6 52. Rxd2 Rxd2+ 53. Kxd2 Kg5 54. Ke1 Kh4 55. Kf2 h5 56. Kg1 g5 57. Kh2 g4 58. g3+ Kg5 59. h4+ Kf5 60. Kg2 Ke4 61. Kf2 Kd3 62. Kf1 Ke3 63. Kg2 Ke2 64. Kh2 Kf2 65. Kh1 Kxg3 66. Kg1 Kf3 67. Kf1 g3 68. Kg1 g2 69. Kh2 Kf2 70. Kh3 Kf1 71. Kh2 g1=Q+ 72. Kh3 Qg4+ 73. Kh2 Qg2# 0-1

[Event "NAYCC U08"]
[Site "Toronto CAN"]
[Date "2013.08.16"]
[Round "4"]
[White "Rusonik, Max"]
[Black "Trakru, Rohun"]
[Result "0-1"]
[WhiteElo "650"]
[BlackElo "1372"]
[PlyCount "81"]
[GameId "2160767909250322"]
[EventDate "2013.08.14"]
[EventType "swiss"]
[EventRounds "9"]
[EventCountry "CAN"]
[SourceTitle "hb 2013"]

1. e4 c5 2. Nf3 e6 3. Nc3 g6 4. Bc4 Bg7 5. d3 Ne7 6. Bf4 Nbc6 7. Qd2 h5 8. O-O-O e5 9. Bg5 f6 10. Be3 Nd4 11. Nd5 Nec6 12. c3 Ne6 13. Qc2 a6 14. a3 b5 15. Ba2 Bb7 16. Nd2 a5 17. f3 b4 18. cxb4 cxb4 19. Qb3 a4 20. Qc4 Ba6 21. Qc2 b3 22. Nxb3 axb3 23. Bxb3 Ncd4 24. Bxd4 exd4 25. Kb1 Rc8 26. Qd2 Bh6 27. Qe2 Nc5 28. Bc4 Bxc4 29. dxc4 d3 30. Qf2 d2 31. f4 Nb3 32. Ka2 Nc5 33. Qxd2 Nxe4 34. Rhe1 f5 35. Qc3 Rf8 36. Qc1 Bg7 37. Nc3 Rxc4 38. Kb3 Bxc3 39. Kxc4 Bxe1 40. Rxe1 Qc7+ 41. Kd3 0-1

[Event "NAYCC U08"]
[Site "Toronto CAN"]
[Date "2013.08.16"]
[Round "4"]
[White "Sun, Frank"]
[Black "Ettibaryan, Levon"]
[Result "0-1"]
[WhiteElo "1097"]
[BlackElo "608"]
[PlyCount "64"]
[GameId "2160767909250323"]
[EventDate "2013.08.14"]
[EventType "swiss"]
[EventRounds "9"]
[EventCountry "CAN"]
[SourceTitle "hb 2013"]

1. e4 e6 2. d4 d5 3. e5 c5 4. c3 Nc6 5. Nf3 Nge7 6. Bg5 h6 7. Bxe7 Bxe7 8. Bb5 cxd4 9. Nxd4 Bd7 10. Nxc6 Bxc6 11. Bxc6+ bxc6 12. O-O O-O 13. Nd2 Bg5 14. Nf3 Rb8 15. b3 Re8 16. Nd4 Qb6 17. f4 Be7 18. Qd3 c5 19. f5 cxd4 20. fxe6 dxc3+ 21. Kh1 fxe6 22. Qf3 c2 23. Qf7+ Kh7 24. h3 Bg5 25. h4 Bxh4 26. Rf4 Bg5 27. Rg4 c1=Q+ 28. Rxc1 Rf8 29. Qh5 g6 30. Qh2 Bxc1 31. Qh3 Rf1+ 32. Kh2 h5 0-1

[Event "NAYCC U08"]
[Site "Toronto CAN"]
[Date "2013.08.16"]
[Round "4"]
[White "Tang, Andrew"]
[Black "Bayaraa, Chinguun"]
[Result "1-0"]
[WhiteElo "1593"]
[BlackElo "1729"]
[PlyCount "73"]
[GameId "2160767909250324"]
[EventDate "2013.08.14"]
[EventType "swiss"]
[EventRounds "9"]
[EventCountry "CAN"]
[SourceTitle "hb 2013"]

1. e4 c5 2. Nf3 d6 3. d4 cxd4 4. Nxd4 Nf6 5. Nc3 g6 6. Be3 Bg7 7. f3 O-O 8. Qd2 Nc6 9. Bc4 Bd7 10. O-O-O Qa5 11. Kb1 Rfc8 12. Bb3 Rab8 13. h4 h5 14. Bh6 Nxd4 15. Bxg7 Nxb3 16. Qh6 Nh7 17. axb3 b5 18. Nd5 Re8 19. Bc3 Qxc3 20. bxc3 a5 21. Ne3 a4 22. b4 a3 23. e5 Be6 24. exd6 exd6 25. g4 Rec8 26. gxh5 Rxc3 27. hxg6 a2+ 28. Kb2 Nf6 29. gxf7+ Kxf7 30. Kxc3 Rc8+ 31. Kb2 d5 32. Rhg1 d4 33. Rg7+ Ke8 34. Qxf6 Rxc2+ 35. Nxc2 a1=Q+ 36. Rxa1 d3 37. Qe7# 1-0

[Event "NAYCC U08"]
[Site "Toronto CAN"]
[Date "2013.08.16"]
[Round "4"]
[White "Whittingham, Dieter"]
[Black "Sydykhanov, Arman"]
[Result "0-1"]
[WhiteElo "625"]
[BlackElo "620"]
[PlyCount "76"]
[GameId "2160767909250326"]
[EventDate "2013.08.14"]
[EventType "swiss"]
[EventRounds "9"]
[EventCountry "CAN"]
[SourceTitle "hb 2013"]

1. e4 e5 2. Nf3 Nc6 3. d4 exd4 4. Nxd4 d6 5. Ne2 Nf6 6. Bg5 h6 7. Bxf6 Qxf6 8. Nbc3 Be6 9. Nb5 Qd8 10. Nbd4 Qd7 11. Nf4 Be7 12. Nfxe6 fxe6 13. c3 O-O-O 14. Qb3 b6 15. Nxc6 Qxc6 16. Ba6+ Kb8 17. O-O e5 18. a4 g5 19. a5 h5 20. axb6 cxb6 21. Qa2 g4 22. Bc8 Kxc8 23. Qa6+ Kd7 24. f3 gxf3 25. Rxf3 Qc5+ 26. Kh1 h4 27. Qxa7+ Ke8 28. Qa4+ b5 29. Qb3 Rf8 30. Rxf8+ Kxf8 31. Rf1+ Ke8 32. Qg8+ Kd7 33. Qg4+ Kc6 34. Ra1 Rb8 35. Ra6+ Kc7 36. Qe6 Bd8 37. b4 Qe3 38. c4 Qe1# 0-1

[Event "NAYCC U08"]
[Site "Toronto CAN"]
[Date "2013.08.16"]
[Round "4"]
[White "Wu, Nicholas"]
[Black "Palusa, Maurya"]
[Result "1-0"]
[WhiteElo "1194"]
[BlackElo "1624"]
[PlyCount "95"]
[GameId "2160767909250327"]
[EventDate "2013.08.14"]
[EventType "swiss"]
[EventRounds "9"]
[EventCountry "CAN"]
[SourceTitle "hb 2013"]

1. e4 c5 2. Nc3 Nc6 3. f4 g6 4. Bb5 a6 5. Bxc6 bxc6 6. Nf3 Bg7 7. O-O e6 8. d4 cxd4 9. Nxd4 Qb6 10. e5 d6 11. Re1 Qc5 12. Be3 Qb4 13. Rb1 Bb7 14. exd6 Qxd6 15. Nxe6 Qxd1 16. Nxg7+ Kf8 17. Rbxd1 Kxg7 18. Bd4+ f6 19. Re6 Rf8 20. Ne4 Ba8 21. Bc5 Rf7 22. Nd6 Rd7 23. Ne8+ Kf7 24. Rxd7+ Kxe6 25. Ra7 Kd5 26. Rxa8 Ke6 27. Nxf6 Kf7 28. Nxg8 Rxg8 29. Rxg8 Kxg8 30. Kf2 Kf7 31. Ke3 Ke6 32. Ke4 a5 33. b4 a4 34. c4 Kd7 35. f5 g5 36. b5 h6 37. bxc6+ Kxc6 38. f6 Kxc5 39. f7 Kxc4 40. f8=Q Kc3 41. Qc5+ Kd2 42. Qc4 Ke1 43. Ke3 Kd1 44. Qe2+ Kc1 45. Kd3 Kb1 46. Kc3 a3 47. Qc2+ Ka1 48. Qc1+ 1-0

[Event "NAYCC U08"]
[Site "Toronto CAN"]
[Date "2013.08.16"]
[Round "4"]
[White "Zhu, Max"]
[Black "Issani, Nameer"]
[Result "0-1"]
[WhiteElo "880"]
[BlackElo "1425"]
[PlyCount "152"]
[GameId "2160767909250328"]
[EventDate "2013.08.14"]
[EventType "swiss"]
[EventRounds "9"]
[EventCountry "CAN"]
[SourceTitle "hb 2013"]

1. e4 e5 2. Nf3 Nc6 3. Bc4 Bc5 4. O-O d6 5. h3 Nf6 6. d3 Be6 7. Bb5 Qd7 8. Bxc6 Qxc6 9. Bg5 Nd7 10. Nc3 f6 11. Bd2 O-O-O 12. a3 Bb6 13. b4 Nf8 14. b5 Qd7 15. a4 Ba5 16. Ne2 Bxd2 17. Qxd2 g5 18. Nc3 g4 19. hxg4 Bxg4 20. Nh2 Rg8 21. Nxg4 Qxg4 22. f3 Qg3 23. Nd5 Qg7 24. a5 Kb8 25. b6 c6 26. Nc7 a6 27. Rf2 h5 28. Kf1 Qf7 29. d4 Qc4+ 30. Re2 Ng6 31. Qd3 Qxd3 32. cxd3 Nf4 33. Rd2 exd4 34. Ra4 c5 35. Nd5 Nxd5 36. exd5 Rg5 37. Re2 Rxd5 38. Re7 Re5 39. Rh7 Rde8 40. Ra1 Re3 41. Rxh5 Rxd3 42. Kf2 c4 43. Rah1 c3 44. Rh8 Rde3 45. Rxe8+ Rxe8 46. Re1 Rxe1 47. Kxe1 d3 48. Kd1 Kc8 49. g4 Kd7 50. f4 Ke6 51. g5 fxg5 52. fxg5 Kf5 53. g6 Kxg6 54. Kc1 Kf5 55. Kd1 c2+ 56. Kc1 Ke4 57. Kd2 Kd4 58. Kc1 Kc4 59. Kd2 Kb3 60. Kc1 Ka2 61. Kd2 Kb2 62. Kxd3 c1=Q 63. Kd4 Kb3 64. Kd5 Kb4 65. Kxd6 Kxa5 66. Kd7 Kxb6 67. Ke6 a5 68. Ke5 a4 69. Ke4 a3 70. Kd5 a2 71. Ke6 a1=Q 72. Kd5 Qc5+ 73. Ke4 Qe1+ 74. Kf3 Qf5+ 75. Kg2 Qef2+ 76. Kh1 Qh3# 0-1

[Event "NAYCC U08"]
[Site "Toronto CAN"]
[Date "2013.08.16"]
[Round "5"]
[White "Bayaraa, Chinguun"]
[Black "Noorali, Aahil"]
[Result "1/2-1/2"]
[WhiteElo "1729"]
[BlackElo "1332"]
[PlyCount "81"]
[GameId "2160767909250329"]
[EventDate "2013.08.14"]
[EventType "swiss"]
[EventRounds "9"]
[EventCountry "CAN"]

1. d4 Nf6 2. c4 e6 3. Nc3 d5 4. Bg5 Nbd7 5. e3 Be7 6. Nf3 c5 7. Rc1 b6 8. cxd5 exd5 9. Be2 h6 10. Bh4 Bb7 11. O-O O-O 12. Bg3 Nh5 13. dxc5 Nxg3 14. hxg3 Nxc5 15. Nd4 Ne6 16. Bf3 Ng5 17. Bg4 g6 18. f4 Ne4 19. Nxe4 dxe4 20. f5 g5 21. f6 Bxf6 22. Qe2 Bxd4 23. Rcd1 a5 24. Rxd4 Qb8 25. Qe1 Bc8 26. Bxc8 Qxc8 27. Qe2 Qc7 28. Qg4 Rae8 29. Qh3 Qc6 30. Rfd1 Re6 31. Qh5 Kg7 32. Qe2 Qc7 33. Qe1 Re7 34. Rc1 Qe5 35. Rcc4 Qf5 36. Qd1 Rfe8 37. Rd5 Qe6 38. Qd4+ Qf6 39. Qd2 Re5 40. Rd6 R5e6 41. Rd8 1/2-1/2

[Event "NAYCC U08"]
[Site "Toronto CAN"]
[Date "2013.08.16"]
[Round "5"]
[White "Bhanji, Areez"]
[Black "Whittingham, Dieter"]
[Result "1/2-1/2"]
[WhiteElo "204"]
[BlackElo "625"]
[PlyCount "132"]
[GameId "2160767909250330"]
[EventDate "2013.08.14"]
[EventType "swiss"]
[EventRounds "9"]
[EventCountry "CAN"]
[SourceTitle "EXT 2022"]
[Source "ChessBase"]
[SourceDate "2021.10.06"]
[SourceVersion "1"]
[SourceVersionDate "2021.10.06"]
[SourceQuality "1"]

1. e4 c5 2. Nf3 d6 3. Bb5+ Bd7 4. Bxd7+ Nxd7 5. O-O Qc7 6. d3 Ngf6 7. Bg5 h6 8. Bxf6 gxf6 9. Nc3 Qc6 10. Nd5 e6 11. Nc3 h5 12. d4 d5 13. exd5 exd5 14. dxc5 Rg8 15. Nxd5 O-O-O 16. Re1 Nxc5 17. c4 Qd7 18. Rc1 Qh3 19. g3 Ne6 20. Rc3 Nf4 21. Nxf4 Rxd1 22. Nxh3 Rxe1+ 23. Nxe1 Bb4 24. Rc1 Bd2 25. Rd1 Bg5 26. Nxg5 fxg5 27. Rd5 b6 28. Nf3 g4 29. Ne5 Re8 30. Nxf7 Re1+ 31. Kg2 Ra1 32. Rd8+ Kc7 33. Re8 Rxa2 34. Re7+ Kc6 35. Ne5+ Kc5 36. Re6 Rxb2 37. Rc6+ Kd4 38. Ng6 a5 39. Rc7 a4 40. Ra7 Ra2 41. Rd7+ Kxc4 42. Ne5+ Kc3 43. Rd3+ Kc2 44. f4 gxf3+ 45. Kxf3 b5 46. Re3 b4 47. Nc6 Rb2 48. Nd4+ Kd1 49. Nb5 Rxh2 50. Nc3+ Kc2 51. Ne4 a3 52. Nc5 a2 53. Nb3 Rd2 54. Ke4 Kd1 55. Kf4 Rf2+ 56. Ke4 Re2 57. Rxe2 Kxe2 58. Nc1+ Kf2 59. Nxa2 Kxg3 60. Nxb4 h4 61. Ke3 h3 62. Nd3 Kg2 63. Nf2 h2 64. Ke2 Kg1 65. Ke1 h1=Q 66. Nxh1 Kxh1 1/2-1/2

[Event "NAYCC U08"]
[Site "Toronto CAN"]
[Date "2013.08.16"]
[Round "5"]
[White "Ettibaryan, Levon"]
[Black "Chor, Kevin"]
[Result "0-1"]
[WhiteElo "608"]
[BlackElo "1781"]
[PlyCount "106"]
[GameId "2160767909250332"]
[EventDate "2013.08.14"]
[EventType "swiss"]
[EventRounds "9"]
[EventCountry "CAN"]
[SourceTitle "EXT 2022"]
[Source "ChessBase"]
[SourceDate "2021.10.06"]
[SourceVersion "1"]
[SourceVersionDate "2021.10.06"]
[SourceQuality "1"]

1. d4 Nf6 2. c4 g6 3. Nc3 Bg7 4. Nf3 O-O 5. Bf4 d6 6. e3 Bf5 7. c5 Nc6 8. Bc4 Nd7 9. O-O Bg4 10. h3 Bxf3 11. Qxf3 dxc5 12. dxc5 e5 13. Bg3 Nxc5 14. Rfd1 Qf6 15. Qxf6 Bxf6 16. Nd5 Bd8 17. Rac1 Ne6 18. Rc3 Re8 19. Rb3 Na5 20. Rb4 c6 21. Nc3 Nxc4 22. Rxc4 Bf6 23. Ne4 Bg7 24. Rd7 f5 25. Nd6 Red8 26. Rxd8+ Rxd8 27. Nxb7 Rd1+ 28. Kh2 f4 29. exf4 exf4 30. Bxf4 Nxf4 31. Rxf4 Be5 32. g3 Bxf4 33. gxf4 Rd2 34. Kg3 Rxb2 35. Nc5 Rxa2 36. Ne4 a5 37. Nd6 a4 38. Nc4 Rc2 39. Na3 Rc3+ 40. Kg2 Rxa3 41. h4 Rb3 42. f3 a3 43. Kg3 a2 44. Kg4 a1=Q 45. Kg5 Qg1+ 46. Kf6 Rxf3 47. Ke6 Qc5 48. Kd7 Rd3+ 49. Kc7 Qe7+ 50. Kxc6 Rd6+ 51. Kc5 Qc7+ 52. Kb5 Rb6+ 53. Ka5 Qa7# 0-1